| 000 | 00607nam a22002177a 4500 | ||
|---|---|---|---|
| 001 | 00521 | ||
| 003 | DO-SdBNP | ||
| 005 | 20160609150642.0 | ||
| 007 | 00521 | ||
| 008 | 160609b mx1985||||| |||| 00| 0 spa d | ||
| 020 | _a9684516533 | ||
| 040 |
_aBPMSU _bspa _cBPMSU |
||
| 092 |
_axxxxxxx _bxxxxxxx |
||
| 100 | 1 | _aJ. Stanton, William | |
| 245 | 1 |
_aFundamentos de mercadotecnia / _cWilliam J. Stanton |
|
| 250 |
_a7a ed. _b(Tercera edición en español) |
||
| 260 |
_aMéxico : _bMcGraw-Hill, _c1985. |
||
| 300 |
_axxiv, 779 p. : _bil., _c24 cm. |
||
| 942 |
_2ddc _cBK |
||
| 956 |
_aBTAVÄREZ _b10 _c09062106 _d00521 |
||
| 999 |
_c10345 _d10345 |
||